000 00267nam a2200121Ia 4500
008 190216s9999||||xx |||||||||||||| ||und||
100 _aKaur H
245 0 _aSpectroscopy
260 _bPragathi Prakashan
_c2001
300 _a614p
650 _aChemistry
942 _cBK
999 _c2952
_d2952